|
|
|
|
| LEADER |
00000ntmaa2200000 a 4500 |
| 001 |
vtls011572852 |
| 003 |
SK-MaSNL |
| 005 |
20260302014759.0 |
| 008 |
230802s1820 xo || 000 0 lat |
| 035 |
|
|
|a urn:nbn:sk:snk-tm00chj9
|
| 035 |
|
|
|a urn:nbn:sk:snk-tm3n2u1
|
| 035 |
|
|
|a 244B06CD-4618-4C09-BE92-4CF5945E2854
|
| 040 |
|
|
|a SNKLA
|b slo
|c SNKLA
|e AACR2
|
| 041 |
0 |
|
|a lat
|
| 044 |
|
|
|a xo
|c SK
|
| 072 |
|
7 |
|a 27-78
|x Kresťanské združenia, spolky a organizácie. Rehoľné rády
|2 konspekt
|
| 080 |
|
|
|a 27-789.32
|2 2011
|
| 080 |
|
|
|a 37.018.56
|2 2011
|
| 080 |
|
|
|a 025.171
|2 2011
|
| 080 |
|
|
|a 2-284
|2 2011
|
| 080 |
|
|
|a 913.94
|2 2011
|
| 080 |
|
|
|a (075)
|2 2011
|
| 080 |
|
|
|a 94
|2 2011
|
| 080 |
|
|
|a (439.2)
|2 2011
|
| 100 |
1 |
|
|a Letovanec, Bartolomej
|4 aut
|9 345611
|
| 245 |
1 |
0 |
|a [Introductio in doctrinam Christianam]
|b Historia Geographiae
|b Vetus Hungaria
|b Historia Regum Hunriae
|c [Bartolomej Letovanec]
|
| 260 |
|
|
|a Eperiessini
|c [1820?]
|
| 300 |
|
|
|a 99 strán, 4 nečíslované strany
|b rukopis, viazaný
|c 20 cm
|
| 500 |
|
|
|a Na chrbte knihy štítok s modrým okrajom, na ktorom je signatúra 304. Analogický zápis na prednom prídoští so signatúrou MS-Ba F 37, 38
|
| 500 |
|
|
|a Autor určený podľa signatúry RHKS 289
|
| 520 |
2 |
|
|a Školské poznámky františkána, profesora gramatických tried gymnázia v Prešove, pre potreby výuky žiakov. Úvod do kresťanskej náuky; zemepis Sedmohradska, Bosny, Srbska, Bulharska, Valašska; dejiny starého Uhorska
|
| 555 |
0 |
|
|a Inventár rukopisov Archívu literatúry a umenia Matice slovenskej. Rukopisy historických knižníc na Slovensku I. Martin: Matica slovenská 1992
|
| 610 |
2 |
7 |
|a Františkáni (Prešov, Slovensko)
|b Salvatoriánska provincia
|2 SNKLA
|9 343120
|
| 610 |
2 |
7 |
|a Františkánske gymnázium (Prešov, Slovensko)
|2 SNKLA
|9 344629
|
| 610 |
2 |
7 |
|a Františkáni
|2 SNKKA
|9 174796
|
| 650 |
0 |
7 |
|a cirkevné školy
|2 SNKPH
|9 4074
|
| 650 |
0 |
7 |
|a teológia
|2 SNKPH
|9 1814
|
| 650 |
0 |
7 |
|a dejiny
|2 SNKPH
|9 3825
|
| 650 |
0 |
7 |
|a historická geografia
|2 SNKPH
|9 1086
|
| 651 |
|
7 |
|a Uhorsko
|2 SNKPH
|9 28673
|
| 655 |
|
7 |
|a rukopisy
|2 SNKPH
|9 70548
|
| 655 |
|
7 |
|a učebné pomôcky
|2 SNKPH
|9 70567
|
| 740 |
0 |
2 |
|a Historia Geographiae
|
| 740 |
0 |
2 |
|a Vetus Hungaria
|
| 740 |
0 |
2 |
|a Historia Regum Hunriae
|
| 752 |
|
|
|a Slovensko
|d Prešov
|
| 852 |
|
|
|a Slovenská národná knižnica
|b Literárny archív
|
| 958 |
|
|
|a ZH
|
| 958 |
|
|
|a LAVD
|
| 999 |
|
|
|c 1018313
|d 1020243
|
| 952 |
|
|
|a SNKLA
|b SNKLA
|c SNKLA_DEP
|y NEVYP
|7 0
|p 17A1191493
|o snkRHKS 290
|0 0
|1 0
|4 0
|d 2016-08-12
|f 1
|l 0
|r 2026-02-24 13:15:30
|w 2026-02-24
|